Kamus komputer : Bahasa Inggeris-Bahasa Melayu.

Bibliographic Details
Format: Book
Published: Shah Alam: Penerbit Fajar Bakti, 1995.
Subjects:
LEADER 00496cam a2200169 7i4500
001 0000014375
005 20151104090000.0
005 ##20151104114700.0
003 ##MY-KlINT
020 # # |a 9789676531636  
039 # 9 |y 201511041147  |z VLOAD 
090 0 0 |a 004.03   |b KAM 
245 0 0 |a Kamus komputer :   |b Bahasa Inggeris-Bahasa Melayu. 
260 # # |a Shah Alam:   |b Penerbit Fajar Bakti,   |c 1995. 
300 # # |a 698ms:   |b il;   |c 19sm. 
650 # 0 |a Computers --   |x Dictionaries  
999 |a 0000060345  |b BOOK  |c Main Non-Fiction  |e INTAN BK